000
00303nam a2200121Ia 4500
008
190723s9999 xx 000 0 und d
020
_a
13:978-93-5014-373-5
100
_a
J.B.Gupta
245
2
_a
A Course in Power Systems
260
_a
New Delhi
_b
Katson Books
_c
2014
300
_a
534.:P
942
_c
BK
999
_c
1463
_d
1463